000
00314nam a22001337a 4500
008
170801b xxu||||| |||| 00| 0 eng d
020
_a
9780495597667
041
_a
eng
080
_a
004
100
_a
32
101
_a
SHK
245
_a
A SIMPLE GUIDE TO SPSS FOR VERSION 16.0
_c
KIRKPATRICK,L.A
942
_2
udc
_c
BK
999
_c
22370
_d
22370